A Treasury of FairyTales : (Record no. 9273)
[ view plain ]
| 000 -LEADER | |
|---|---|
| fixed length control field | 00540nam a22001817a 4500 |
| 003 - CONTROL NUMBER IDENTIFIER | |
| control field | OSt |
| 005 - DATE AND TIME OF LATEST TRANSACTION | |
| control field | 20260324050458.0 |
| 008 - FIXED-LENGTH DATA ELEMENTS--GENERAL INFORMATION | |
| fixed length control field | 260324b |||||||| |||| 00| 0 eng d |
| 040 ## - CATALOGING SOURCE | |
| Original cataloging agency | DWCL GS lib |
| Transcribing agency | OC |
| 100 ## - MAIN ENTRY--PERSONAL NAME | |
| Personal name | Skaltas, Christos |
| 245 ## - TITLE STATEMENT | |
| Title | A Treasury of FairyTales : |
| Remainder of title | Includes 10 Favorite Stories / |
| Statement of responsibility, etc. | Christos Skaltas |
| 260 ## - PUBLICATION, DISTRIBUTION, ETC. | |
| Place of publication, distribution, etc. | Australia |
| Name of publisher, distributor, etc. | Lake Press |
| Date of publication, distribution, etc. | c2025. |
| 300 ## - PHYSICAL DESCRIPTION | |
| Extent | vii, 191 pages: |
| Other physical details | illustrations |
| Dimensions | 25cm. |
| 546 ## - LANGUAGE NOTE | |
| Language note | English |
| 650 ## - SUBJECT ADDED ENTRY--TOPICAL TERM | |
| Topical term or geographic name entry element | children's folklore |
| 650 ## - SUBJECT ADDED ENTRY--TOPICAL TERM | |
| Topical term or geographic name entry element | fairytale genre |
| 942 ## - ADDED ENTRY ELEMENTS (KOHA) | |
| Source of classification or shelving scheme | Dewey Decimal Classification |
| Koha item type | Fiction |
| Classification part | PB |
| Suppress in OPAC | No |
| 952 ## - LOCATION AND ITEM INFORMATION (KOHA) | |
| -- | |
| Withdrawn status | Lost status | Source of classification or shelving scheme | Damaged status | Not for loan | Home library | Current library | Date acquired | Source of acquisition | Cost, normal purchase price | Total Checkouts | Full call number | Barcode | Date last seen | Copy number | Price effective from | Koha item type | Uniform Resource Identifier |
|---|---|---|---|---|---|---|---|---|---|---|---|---|---|---|---|---|---|
| Dewey Decimal Classification | Grade School Library | Grade School Library | 02/18/2026 | School Fund, Donation | 199.00 | PB 398.2 F172 2025 | 23975 | 03/24/2026 | c1 | 03/24/2026 | FIC. |